[Event "Bad Wiessee Senioren Cup 8th"]
[Site "Bad Wiessee"]
[Date "2019.05.19"]
[Round "9"]
[White "Krilova, Marina"]
[Black "Emser, Heinrich"]
[Result "1/2-1/2"]
[WhiteElo "2030"]
[BlackElo "1766"]
[PlyCount "91"]
[EventDate "2019.05.11"]
[EventType "swiss"]
[EventRounds "9"]
[EventCountry "GER"]
[SourceTitle "EXT 2020"]
[Source "ChessBase"]
[SourceDate "2019.10.17"]
[SourceVersion "1"]
[SourceVersionDate "2019.10.17"]
[SourceQuality "1"]

1. e4 c6 2. d4 d5 3. exd5 cxd5 4. c4 Nf6 5. Nc3 e6 6. Nf3 Be7 7. c5 0-0 8. Bd3 Nc6 9. 0-0 b6 10. Bb5 Bb7 11. Bxc6 Bxc6 12. b4 Ne4 13. Bb2 Nxc3 14. Bxc3 Bf6 15. a4 bxc5 16. bxc5 Rb8 17. Re1 Qc7 18. Ne5 Bxe5 19. Rxe5 Qd7 20. f4 Rb7 21. g4 Rfb8 22. f5 exf5 23. Rxf5 Qe6 24. Qe1 Qd7 25. Qg3 g6 26. Re5 Bxa4 27. Rae1 Rb1 28. Kf2 Rxe1 29. Rxe1 Rf8 30. h3 f5 31. g5 f4 32. Qg4 Qf7 33. Qe6 Bd7 34. Qxf7+ Rxf7 35. Re5 Bc6 36. Re6 Bd7 37. Rd6 Bxh3 38. Rxd5 Bg4 39. Rd8+ Rf8 40. Rxf8+ Kxf8 41. c6 Ke7 42. Bb4+ Ke6 43. Bd2 Kd6 44. Bxf4+ Kxc6 45. Ke3 Kd5 46. Kd3 1/2-1/2

[Event "Bad Wiessee Senioren Cup 8th"]
[Site "Bad Wiessee"]
[Date "2019.05.16"]
[Round "6"]
[White "Radinger, Rudolf"]
[Black "Krilova, Marina"]
[Result "1/2-1/2"]
[WhiteElo "1792"]
[BlackElo "2030"]
[PlyCount "49"]
[EventDate "2019.05.11"]
[EventType "swiss"]
[EventRounds "9"]
[EventCountry "GER"]
[SourceTitle "EXT 2020"]
[Source "ChessBase"]
[SourceDate "2019.10.17"]
[SourceVersion "1"]
[SourceVersionDate "2019.10.17"]
[SourceQuality "1"]

1. e4 c5 2. Nf3 Nc6 3. d4 cxd4 4. Nxd4 Nf6 5. Nc3 e6 6. Bc4 Bb4 7. Nxc6 Bxc3+ 8. bxc3 bxc6 9. e5 Nd5 10. Bxd5 cxd5 11. 0-0 0-0 12. Be3 d6 13. f4 f5 14. Bd4 g6 15. Qd2 Rf7 16. g3 Rb8 17. Rfb1 Rxb1+ 18. Rxb1 dxe5 19. Bxe5 Rb7 20. Rxb7 Bxb7 21. Qd4 Qb6 22. Qxb6 axb6 23. Kf2 Kf7 24. Ke3 Ke7 25. Bd4 1/2-1/2

[Event "Sachsen-ch Seniors op"]
[Site "Dresden"]
[Date "2016.11.08"]
[Round "9"]
[White "Barz, Hans Werner"]
[Black "Krilova, Marina"]
[Result "1/2-1/2"]
[WhiteElo "1986"]
[BlackElo "2079"]
[PlyCount "80"]
[EventDate "2016.10.31"]
[EventType "swiss"]
[EventRounds "9"]
[EventCountry "GER"]
[SourceTitle "EXT 2019"]
[Source "ChessBase"]
[SourceDate "2018.10.10"]
[SourceVersion "1"]
[SourceVersionDate "2018.10.10"]
[SourceQuality "1"]

1. e4 c5 2. Nf3 Nc6 3. d4 cxd4 4. Nxd4 Nf6 5. Nc3 e5 6. Ndb5 d6 7. Bg5 a6 8. Na3 b5 9. Nd5 Be7 10. Bxf6 Bxf6 11. c3 0-0 12. Nc2 Bg5 13. h4 Bh6 14. Nce3 Ne7 15. Nxe7+ Qxe7 16. Nd5 Qb7 17. g4 f6 18. Rg1 g6 19. g5 fxg5 20. hxg5 Bg7 21. Qd2 Be6 22. 0-0-0 Rad8 23. Qe3 Qf7 24. Rg2 Bxd5 25. Rxd5 Qf4 26. Rd3 Qxe3+ 27. Rxe3 d5 28. exd5 Rxd5 29. Rd3 Rxd3 30. Bxd3 Rf4 31. Kd2 Bf8 32. b4 Kg7 33. Ke3 Be7 34. f3 Bd8 35. Be4 Bb6+ 36. Kd3 a5 37. a3 axb4 38. axb4 Bd8 39. c4 bxc4+ 40. Kxc4 Rf7 1/2-1/2

[Event "Sachsen-ch Seniors op"]
[Site "Dresden"]
[Date "2016.11.07"]
[Round "8"]
[White "Krilova, Marina"]
[Black "Kempe, Rainer"]
[Result "0-1"]
[WhiteElo "2079"]
[BlackElo "1989"]
[PlyCount "116"]
[EventDate "2016.10.31"]
[EventType "swiss"]
[EventRounds "9"]
[EventCountry "GER"]
[SourceTitle "EXT 2019"]
[Source "ChessBase"]
[SourceDate "2018.10.10"]
[SourceVersion "1"]
[SourceVersionDate "2018.10.10"]
[SourceQuality "1"]

1. e4 c5 2. Nf3 e6 3. d4 cxd4 4. Nxd4 a6 5. c4 Nf6 6. Bd3 Nc6 7. Nc2 Qc7 8. 0-0 Bd6 9. f4 e5 10. f5 b5 11. cxb5 axb5 12. Be3 Rb8 13. Nc3 Na7 14. a3 Bc5 15. Qe2 Bb7 16. h3 Qb6 17. Qf2 d6 18. Rac1 0-0 19. Rfe1 Rfc8 20. b4 Bxe3 21. Qxe3 Qc6 22. Na1 Qa6 23. a4 Bc6 24. a5 Qb7 25. Nb3 Re8 26. Rc2 Qe7 27. Rec1 d5 28. exd5 Bxd5 29. Nc5 Bc6 30. Be4 Bxe4 31. N3xe4 Nd5 32. Qb3 Red8 33. Rd2 Nf4 34. Rcd1 Nc6 35. Kh2 Rd4 36. Rxd4 Nxd4 37. Qa2 Rd8 38. Rd2 Nd5 39. Qa3 g6 40. fxg6 hxg6 41. a6 f5 42. Nc3 Nb6 43. Qa2+ Kh7 44. Rd1 Nc4 45. Nb7 Rc8 46. Nd5 Qg7 47. Rc1 e4 48. Ne3 Qc7+ 49. Kh1 Qf4 50. Rc3 Qg3 51. Nd5 Qe1+ 52. Kh2 Ne2 53. Rc1 Qg3+ 54. Kh1 Nxc1 55. Qa1 Ne5 56. Nc5 Ne2 57. a7 Nf3 58. Nf6+ Kh6 0-1

[Event "GER-chT Federal Cup (Women)"]
[Site "Braunfels"]
[Date "2014.06.20"]
[Round "3.4"]
[White "Noppes, Marina"]
[Black "Krilova, Marina"]
[Result "1-0"]
[WhiteElo "1902"]
[BlackElo "1969"]
[PlyCount "83"]
[EventDate "2014.06.19"]
[EventType "team-swiss"]
[EventRounds "5"]
[EventCountry "GER"]
[SourceTitle "EXT 2015"]
[Source "ChessBase"]
[SourceDate "2014.11.20"]
[SourceVersion "1"]
[SourceVersionDate "2014.11.20"]
[SourceQuality "1"]
[WhiteTeam "Wuerttemberg (W)"]
[BlackTeam "Hessen (W)"]
[WhiteTeamCountry "GER"]
[BlackTeamCountry "GER"]

1. d4 f5 2. c4 Nf6 3. Nc3 d6 4. Nf3 g6 5. g3 Bg7 6. Bg2 0-0 7. 0-0 Qe8 8. d5 c5 9. Ng5 h6 10. Ne6 Bxe6 11. dxe6 Nc6 12. Nd5 Rb8 13. Nxf6+ Rxf6 14. Bd2 Rf8 15. Bc3 Bxc3 16. bxc3 Nd8 17. Bd5 Rf6 18. e4 Kg7 19. exf5 gxf5 20. Qe2 Qg6 21. f4 h5 22. Kh1 Kh6 23. Rae1 Rf8 24. Qf3 Rg8 25. Rb1 Rg7 26. Rfe1 Qf6 27. h3 Rg6 28. Rb2 Qg7 29. Kh2 Rf6 30. Rg2 b5 31. g4 hxg4 32. hxg4 Kh7 33. gxf5 Rh6+ 34. Kg1 Qf6 35. Qg3 Qf8 36. f6 Rxf6 37. Rh2+ Rh6 38. Be4+ Kh8 39. Ree2 Nxe6 40. Rxh6+ Qxh6 41. Rh2 Qxh2+ 42. Qxh2+ 1-0